Online
Catalog

Esta muerte es fuego que quema. / (Record no. 52821)

MARC details
000 -CABECERA
campo de control de longitud fija 00924nam a2200253 a 4500
003 - IDENTIFICADOR DEL NÚMERO DE CONTROL
campo de control DO-SdBNP
005 - FECHA Y HORA DE LA ÚLTIMA TRANSACCIÓN
campo de control 20221107141919.0
007 - CAMPO FIJO DE DESCRIPCIÓN FÍSICA--INFORMACIÓN GENERAL
campo de control de longitud fija ta
008 - DATOS DE LONGITUD FIJA--INFORMACIÓN GENERAL
campo de control de longitud fija 221107e2015 dr |||er|||| 001 pdspa d
020 ## - NÚMERO INTERNACIONAL ESTÁNDAR DEL LIBRO
Número Internacional Estándar del Libro 9789945418316
040 ## - FUENTE DE LA CATALOGACIÓN
Centro catalogador/agencia de origen DO-SdBNP
Lengua de catalogación spa
Centro/agencia transcriptor BNPHU
082 #4 - NÚMERO DE LA CLASIFICACIÓN DECIMAL DEWEY
Número de edición 22
Número de documento/Ítem L579e
100 1# - ENTRADA PRINCIPAL--NOMBRE DE PERSONA
9 (RLIN) 76923
Nombre de persona León Silverio, Oscar de,
Fechas asociadas al nombre 1953-
245 10 - MENCIÓN DE TÍTULO
Título Esta muerte es fuego que quema. /
Mención de responsabilidad, etc. Oscar de León Silverio; Editor, Ramón Antonio Jiménez
260 ## - PUBLICACIÓN, DISTRIBUCIÓN, ETC.
Lugar de publicación, distribución, etc. San Francisco de Macorís, República Dominicana:
Nombre del editor, distribuidor, etc. Ateneo Insular Internacional,
Fecha de publicación, distribución, etc. 2015
300 ## - DESCRIPCIÓN FÍSICA
Extensión 235 p. ;
Dimensiones 23 cm.
500 ## - NOTA GENERAL
Nota general Incluye bibliografía del aurtor en las solapas de las cubiertas
590 ## - NOTA LOCAL (RLIN)
Nota local Inventariado 2022 / MF
650 #4 - PUNTO DE ACCESO ADICIONAL DE MATERIA--TÉRMINO DE MATERIA
9 (RLIN) 24595
Término de materia o nombre geográfico como elemento de entrada Poesía Religiosa
Subdivisión geográfica República Dominicana
650 #0 - PUNTO DE ACCESO ADICIONAL DE MATERIA--TÉRMINO DE MATERIA
9 (RLIN) 19469
Término de materia o nombre geográfico como elemento de entrada Metafísica
Subdivisión de forma Literatura
Subdivisión geográfica República Dominicana
700 1# - PUNTO DE ACCESO ADICIONAL--NOMBRE DE PERSONA
9 (RLIN) 12301
Nombre de persona Jiménez, Ramón Antonio
Término indicativo de función/relación ed.
910 ## - DATOS DE OPCIÓN DEL USUARIO (OCLC)
Datos de opción del usuario MFeliz
942 ## - ELEMENTOS DE PUNTO DE ACCESO ADICIONAL (KOHA)
Fuente del sistema de clasificación o colocación Dewey Decimal Classification
Tipo de ítem Koha Libro
Holdings
Estado de retiro Estado de pérdida Fuente del sistema de clasificación o colocación Restricciones de uso No para préstamo Código de colección Localización permanente Ubicación/localización actual Ubicación en estantería Fecha de adquisición Fuente de adquisición Total de préstamos Signatura topográfica completa Código de barras Fecha visto por última vez Precio válido a partir de Tipo de ítem Koha
    Dewey Decimal Classification Excluido de préstamo   Patrimonio Dominicano Biblioteca Nacional Pedro Henríquez Ureña Biblioteca Nacional Pedro Henríquez Ureña En catalogación 25.07.2022 Depósito legal   L579e 2022-5018 07.11.2022 07.11.2022 Libro

Powered by Koha